Evaluating tax shelter offerings, 1980 /

Bibliographic Details
Corporate Author: Practising Law Institute
Other Authors: Rosenberg, Alan S.
Format: Book
Language:English
Published: New York, N.Y. : Practising Law Institute, [1980]
Series:Tax law and estate planning series.
Tax law and practice course handbook series ; no. 145.
Subjects:

MARC

Tag First Indicator Second Indicator Subfields
LEADER 00000cam a2200000 a 4500
001 in00000079761
005 20151008054006.0
008 800821s1980 nyua 00000 engm
010 |a  80080759  
019 |a 6589357 
035 |a (OCoLC)06387886 
035 |9 AAH9295AM 
040 |a DLC  |c DLC  |d m.c.  |d TXA  |d UtOrBLW 
043 |a n-us--- 
049 |a TXAM  |c [1654796] 
050 0 0 |a KF6297.5.Z9  |b E92 1980 
082 0 |a 343.7305/23  |2 19 
245 0 0 |a Evaluating tax shelter offerings, 1980 /  |c Alan S. Rosenberg, chairman. 
264 1 |a New York, N.Y. :  |b Practising Law Institute,  |c [1980] 
264 4 |c ©1980 
300 |a 416 pages :  |b illustrations ;  |c 22 cm. 
336 |a text  |b txt  |2 rdacontent 
337 |a unmediated  |b n  |2 rdamedia 
338 |a volume  |b nc  |2 rdacarrier 
490 1 |a Tax law and estate planning series 
490 1 |a Tax law and practice course handbook series ;  |v no. 145 
500 |a "J4-3477." 
500 |a "Prepared for distribution at the evaluating tax shelter offerings program, May-June 1980." 
650 0 |a Tax shelters  |x Law and legislation  |z United States. 
700 1 |a Rosenberg, Alan S. 
710 2 |a Practising Law Institute. 
830 0 |a Tax law and estate planning series. 
830 0 |a Tax law and practice course handbook series ;  |v no. 145. 
999 |a MARS 
999 f f |s c87331da-9910-3700-8344-c806509fdfdf  |i 56e88959-9d4b-31cb-baab-52ab34efae0b  |t 0 
952 f f |p ric  |a Texas A&M University  |b Rellis Campus  |c Joint Library Facility  |d Remote Storage  |t 0  |e KF6297.5.Z9 E92 1980  |h Library of Congress classification  |i unmediated -- volume  |m A14806156725 
998 f f |a KF6297.5.Z9 E92 1980  |t 0  |l Remote Storage